| 000 | 00383nam a22001457a 4500 | ||
|---|---|---|---|
| 005 | 20180227134150.0 | ||
| 008 | 180219b xxu||||| |||| 00| 0 eng d | ||
| 040 | _cPK-LaUMT | ||
| 082 |
_aPKAC 297 _bKHU-N |
||
| 100 | _aKhurram Murad | ||
| 245 |
_aNiyat aur amal(Misc)(نیت اور عمل)/ _cKhurram Murad |
||
| 260 |
_aلاہور: _bمنشورات |
||
| 300 | _a64 | ||
| 942 | _cBK | ||
| 999 |
_c103471 _d103471 |
||